Fixed Income Securities (Record no. 3705)
[ view plain ]
| 000 -LEADER | |
|---|---|
| fixed length control field | 00705nam a2200169 4500 |
| 020 ## - INTERNATIONAL STANDARD BOOK NUMBER | |
| ISBN | 9780070621008 |
| 022 ## - INTERNATIONAL STANDARD SERIAL NUMBER | |
| ISSN | 139780070621008 |
| 050 ## - CALL NUMBER | |
| Classification number | HG4651 |
| Item number | .F59 |
| 100 ## - AUTHOR | |
| Personal name | Dun & Bradstreet |
| 245 ## - TITLE | |
| Title | Fixed Income Securities |
| Statement of responsibility, etc | Dun & Bradstreet |
| 260 ## - PUBLICATION INFORMATION | |
| Place of publication | New Delhi |
| Name of publisher | McGraw-Hill Publishers |
| Year of publication | 2008 |
| 300 ## - DESCRIPTION | |
| Number of Pages | ix,172p. |
| Other physical details | ill |
| Dimensions | 23.5cm |
| 500 ## - NOTES | |
| General note | includes references and index |
| 505 ## - FORMATTED CONTENTS NOTE | |
| Table of Content | Introduction 1<br/>Indian fixed income markets 5<br/>Fixed income analytics 36<br/>Fixed income over-the-counter derivatives 60<br/>Exchange - traded interest rate derivatives 96<br/>Macroeconomic indicators 114 <br/>Appendix 142<br/>References 167<br/>Index 169<br/> |
| 650 ## - SUBJECTS | |
| Topical Term | management |
| 942 ## - ADDED ENTRY ELEMENTS (KOHA) | |
| Koha item type | Books |
| Withdrawn status | Lost status | Collection code | Home library | Current library | Shelving location | Date acquired | Full call number | Accession Number | Koha item type |
|---|---|---|---|---|---|---|---|---|---|
| Reference | Methodist University Library Main | Methodist University Library Main | General Stacks | 16/01/2011 | HG4651 .F59 | 32819 | Books | ||
| Reference | Methodist University Library Main | Methodist University Library Main | General Stacks | 16/01/2011 | HG4651 .F59 | 32856 | Books |